[Event "3rd ENCI Limburg Open"]
[Site "Maastricht NED"]
[Date "2009.05.30"]
[Round "2"]
[White "Tate, Emory"]
[Black "Sundararajan, Kidambi"]
[Result "0-1"]
[WhiteElo "2325"]
[BlackElo "2487"]

1. d4 d5 2. Nf3 Nf6 3. Bg5 Ne4 4. Bf4 c5 5. e3 Qb6 6. Qc1 Nc6 7. c3 Bg4 8.  Nbd2 Nxd2 9. Nxd2 Rc8 10. Qb1 g6 11. Bd3 Bg7 12. h3 Bd7 13. Nf3 O-O 14. O-O  Rfe8 15. Rd1 e5 16. dxe5 Nxe5 17. Bxe5 Bxe5 18. e4 Bc6 19. exd5 Bxd5 20.  Nxe5 Rxe5 21. c4 Bc6 22. Qc2 Rce8 23. Qc3 Bxg2 0-1

[Event "3rd ENCI Limburg Open"]
[Site "Maastricht NED"]
[Date "2009.05.31"]
[Round "5"]
[White "Tate, Emory"]
[Black "Beukema, Stefan"]
[Result "1-0"]
[WhiteElo "2325"]
[BlackElo "2009"]

1. e4 e5 2. Nc3 Nf6 3. f4 d5 4. fxe5 Nxe4 5. Nf3 Nc6 6. Bb5 Bc5 7. d4 Bb4  8. Bd2 Bxc3 9. bxc3 O-O 10. O-O Bg4 11. Be1 f6 12. Qd3 fxe5 13. Bxc6 bxc6  14. Bh4 g5 15. Nxg5 Nxg5 16. Rxf8+ Qxf8 17. Bxg5 Qg7 18. Qe3 exd4 19. cxd4  c5 20. c3 cxd4 21. Qf4 h5 22. Bh6 Qg6 23. cxd4 Kh7 24. Rc1 c6 25. Bg5 Rg8  26. h4 Rg7 27. Rf1 Rb7 28. Qf8 Rb1 29. Bc1 Be6 30. Kh2 Rxc1 31. Qe7+ Kh8  32. Rxc1 Qf5 33. Re1 Qf4+ 34. Kh1 Bh3 35. Qd8+ Kh7 36. Re7+ Kh6 37. Qh8+  1-0

[Event "22nd North American Open"]
[Site "Las Vegas USA"]
[Date "2012.12.29"]
[Round "7.8"]
[White "Tate, Emory"]
[Black "Gelashvili, Tamaz"]
[Result "0-1"]
[WhiteElo "2302"]
[BlackElo "2566"]

1. e4 e5 2. Nf3 d6 3. d4 exd4 4. Qxd4 a6 5. Bg5 Nc6 6. Bxd8 Nxd4 7. Nxd4 Kxd8 8. Bc4 Ke8 9. Nc3 c6 10. O-O-O g6 11. Rhe1 Bd7 12. f4 Rd8 13. h3 Bh6 14. Nde2 Bc8 15. g4 Bg7 16. Ng3 h5 17. gxh5 gxh5 18. h4 Ne7 19. f5 Be5 20. Rg1 Rh7 21. Be2 Kd7 22. Bf3 Kc7 23. Rde1 b5 24. Nd1 Rg8 25. Ne2 Rgh8 26. Rg2 Bb7 27. Nf2 c5 28. Ng1 c4 29. c3 Bf6 30. Rh2 Rg7 31. Rh3 Nc6 32. Kd2 Ne5 33. Ke2 Rhg8 34. Rh1 d5 35. exd5 Nxf3 36. Nxf3 Bxd5 37. Rh3 Rg3 38. Ng5 Rg2 39. Rd1 Kc6 40. Nf3 R2g3 41. Ng5 Re8+ 42. Kd2 Bxg5+ 43. hxg5 Rxg5 0-1

[Event "9th BPB Limburg Open 2015"]
[Site "Maastricht NED"]
[Date "2015.05.22"]
[Round "1.11"]
[White "Tate, Emory"]
[Black "Dambacher, Martijn"]
[Result "0-1"]
[WhiteElo "2256"]
[BlackElo "2483"]

1. Nf3 d5 2. e3 e6 3. b3 f5 4. c4 Nf6 5. Be2 Bd6 6. O-O Qe7 7. Qc2 O-O 8. Nc3 c6 9. d3 Nbd7 10. e4 dxe4 11. dxe4 f4 12. a3 Ne5 13. b4 Nxf3+ 14. Bxf3 e5 15. c5 Bc7 16. Bb2 Be6 17. Rad1 Qf7 18. Qb1 g5 19. Be2 g4 20. Bd3 f3 21. g3 Rad8 22. Rd2 Rxd3 23. Rxd3 Qh5 24. Nd1 Qh3 25. Ne3 Nd5 26. Rxd5 cxd5 27. Qd3 d4 28. Bxd4 Rd8 0-1

[Event "1st Salinello Open 2015"]
[Site "Tortoreto ITA"]
[Date "2015.05.28"]
[Round "4.9"]
[White "Tate, Emory"]
[Black "Garcia Palermo, Carlos"]
[Result "0-1"]
[WhiteElo "2256"]
[BlackElo "2427"]

1. c4 b6 2. e4 Bb7 3. Nc3 e6 4. Nge2 Bb4 5. Qc2 Ne7 6. d4 f5 7. e5 Ng6 8. Be3 O-O 9. f4 Qh4+ 10. g3 Qh6 11. Rg1 d6 12. exd6 cxd6 13. O-O-O Qxh2 14. d5 Bxc3 15. Qxc3 exd5 16. Nd4 Nd7 17. Rd2 Qh6 18. g4 Nc5 19. Nxf5 Rxf5 20. gxf5 Ne4 21. Qd4 Ne7 22. Rh2 Qf6 23. Bd3 Rf8 24. Rhg2 Nxf5 25. Qxf6 Rxf6 26. Bxe4 dxe4 27. Kd2 Rh6 28. Rg5 Bc8 29. Re1 Nh4 30. Rf1 Nf3+ 31. Rxf3 exf3 32. Bd4 g6 33. Ke3 Bb7 34. f5 Rh2 35. fxg6 Re2+ 36. Kd3 Be4+ 37. Kc3 hxg6 38. Rg1 Rc2+ 39. Kb3 Rd2 40. Bc3 f2 0-1

[Event "1st Salinello Open 2015"]
[Site "Tortoreto ITA"]
[Date "2015.05.30"]
[Round "6.10"]
[White "Tate, Emory"]
[Black "De Santis, Alessio"]
[Result "0-1"]
[WhiteElo "2256"]
[BlackElo "2267"]

1. c4 e5 2. Nc3 Bb4 3. Na4 Be7 4. b3 Nc6 5. a3 Nf6 6. Bb2 O-O 7. e3 d5 8. cxd5 Nxd5 9. Bb5 Bd7 10. Rc1 a6 11. Be2 Be6 12. d3 Qd7 13. Nf3 f6 14. Qc2 Rac8 15. O-O Rfd8 16. Nd2 Nb8 17. g3 Bd6 18. Ne4 b6 19. Bf3 Bf8 20. Rfe1 c5 21. Qe2 Nc6 22. Nd2 Qa7 23. d4 cxd4 24. exd4 b5 25. Nc5 Nxd4 26. Bxd4 Bxc5 27. Rxc5 Rxc5 28. b4 Nc3 29. Qe3 Rxd4 30. bxc5 Qxc5 31. Bb7 a5 32. Nf3 Rc4 33. Qd3 Qc7 34. Ba8 Qb8 35. Be4 Nxe4 36. Rxe4 Rxe4 37. Qxe4 b4 38. Nd4 exd4 39. Qxe6+ Kh8 40. axb4 axb4 41. Qb3 h6 42. Kf1 Qb5+ 43. Ke1 Qc5 44. Qf7 Qc1+ 45. Ke2 Qc2+ 0-1

[Event "1st Salinello Open 2015"]
[Site "Tortoreto ITA"]
[Date "2015.06.01"]
[Round "8.8"]
[White "Tate, Emory"]
[Black "Pap, Misa"]
[Result "0-1"]
[WhiteElo "2256"]
[BlackElo "2488"]

1. e4 e5 2. Nf3 Nc6 3. Bb5 g6 4. Bxc6 dxc6 5. O-O Bg7 6. b3 c5 7. Bb2 f6 8. Qe2 b6 9. c3 a5 10. Rd1 Ba6 11. d3 Ne7 12. Qc2 Nc6 13. d4 exd4 14. cxd4 Nb4 15. Qc3 O-O 16. a3 f5 17. axb4 fxe4 18. b5 Bxb5 19. Na3 Be2 20. Ne1 cxd4 21. Rxd4 Bxd4 22. Qxd4 Qxd4 23. Bxd4 c5 24. Be3 a4 25. Rb1 axb3 26. Rxb3 c4 27. Rc3 Rfb8 28. Nec2 b5 29. Bc5 Ra4 30. Bb4 Rd8 31. f3 exf3 32. gxf3 Bd1 33. Re3 Bxc2 34. Nxc2 Ra2 35. Re2 Rd1+ 36. Kf2 Rb1 37. Ba3 Rb3 38. Bc1 Rb1 39. Nd4 Rxe2+ 40. Nxe2 b4 41. Ke3 b3 42. Bd2 Rh1 43. Bc3 Rxh2 44. Be5 Rg2 45. f4 Rh2 46. Kd2 Kf7 47. f5 Rxe2+ 48. Kxe2 gxf5 49. Kf3 h5 50. Kg3 Ke6 51. Bc3 Kd5 52. Kf4 h4 53. Bb2 h3 54. Kg3 Ke4 55. Kxh3 0-1

[Event "Golden Sands Open 2015"]
[Site "Golden Sands BUL"]
[Date "2015.06.08"]
[Round "1.18"]
[White "Tate, Emory"]
[Black "Kadric, Denis"]
[Result "0-1"]
[WhiteElo "2259"]
[BlackElo "2495"]

1. c4 e5 2. Nc3 d6 3. e3 g6 4. d4 Nd7 5. Bd3 Bg7 6. Nge2 f5 7. f4 Ngf6 8. fxe5 dxe5 9. c5 O-O 10. b4 Kh8 11. O-O Re8 12. Bc4 a5 13. b5 c6 14. Qa4 Qc7 15. Qa3 Ng4 16. d5 e4 17. d6 Qd8 18. Nd4 Qh4 19. h3 Nge5 20. Be2 Nd3 21. Na4 Nxc1 22. Qxc1 Ne5 23. Nb6 Rb8 24. Qe1 Qd8 25. Qf2 Bd7 26. Rae1 Bh6 27. a4 0-1

[Event "Albena Open 2015"]
[Site "Albena BUL"]
[Date "2015.06.18"]
[Round "2.38"]
[White "Tate, Emory"]
[Black "Xu Huahua, "]
[Result "1/2-1/2"]
[WhiteElo "2259"]
[BlackElo "2110"]

1. c4 e5 2. Nc3 Nf6 3. e3 Bb4 4. Nge2 O-O 5. a3 Bxc3 6. Nxc3 c6 7. d4 d6 8. Be2 Qe7 9. O-O Na6 10. b4 Nc7 11. d5 Bd7 12. e4 b6 13. f4 cxd5 14. exd5 e4 15. c5 h5 16. c6 Bg4 17. Ra2 e3 18. Qd4 Rfe8 19. Bxg4 Nxg4 20. Re2 Qf6 21. Qxf6 Nxf6 22. Rd1 Ne4 23. Nxe4 Rxe4 24. Rxe3 Rae8 25. Rxe4 Rxe4 26. Kf2 f5 27. Be3 Kf7 28. Kf3 Rc4 29. Rd3 g6 30. h3 Ke7 31. g4 hxg4+ 32. hxg4 Nb5 33. gxf5 gxf5 34. a4 Nc7 35. Bd2 Kd8 36. Kg3 Na6 37. Kh4 Nxb4 38. Bxb4 Rxf4+ 39. Kg5 Rxb4 40. Kxf5 Rh4 41. Rg3 Rh7 42. Kg6 Kc7 43. Kf6 a6 44. Rg5 Rh6+ 45. Kf5 Rh7 46. Kg6 Re7 47. Rh5 Re5 48. Rh7+ Kc8 49. Rh8+ 1/2-1/2

[Event "Albena Open 2015"]
[Site "Albena BUL"]
[Date "2015.06.20"]
[Round "4.30"]
[White "Tate, Emory"]
[Black "Thakur, Akash"]
[Result "0-1"]
[WhiteElo "2259"]
[BlackElo "2330"]

1. c4 Nf6 2. Nc3 e5 3. a3 c6 4. d4 exd4 5. Qxd4 d5 6. Bg5 Be7 7. O-O-O O-O 8. Nf3 Be6 9. Qh4 h6 10. e4 hxg5 11. Nxg5 Nbd7 12. f4 g6 13. g4 Bxg4 14. Re1 0-1

[Event "Golden Sands Open 2015"]
[Site "Golden Sands BUL"]
[Date "2015.06.10"]
[Round "3.35"]
[White "Tate, Emory"]
[Black "Thakur, Akash"]
[Result "0-1"]
[WhiteElo "2259"]
[BlackElo "2330"]

1. e4 e5 2. Nf3 Nc6 3. Bb5 a6 4. Ba4 Nf6 5. O-O Be7 6. Bxc6 dxc6 7. Qe1 Bd6 8. d4 Nd7 9. dxe5 Nxe5 10. Nxe5 Bxe5 11. f4 Bd4+ 12. Kh1 O-O 13. Nd2 Re8 14. Nf3 Bc5 15. c3 Bf5 16. e5 0-1

[Event "USA-ch GpA"]
[Site "San Diego"]
[Date "2006.03.06"]
[Round "4"]
[White "Fernandez, Daniel"]
[Black "Tate, Emory"]
[Result "1-0"]
[WhiteElo "2423"]
[BlackElo "2391"]

1. e4 c5 2. Nf3 d6 3. d4 cxd4 4. Nxd4 Nf6 5. Nc3 a6 6. Bg5 Nbd7 7. Bc4 g6 8.  Qe2 Bg7 9. O-O-O O-O 10. f4 Qc7 11. f5 b5 12. Bb3 Nb6 13. a3 Re8 14. h4 gxf5  15. exf5 Bb7 16. Rh3 d5 17. Qf3 Kh8 18. Bf4 Qc5 19. Be3 Qc7 20. Rg3 Rg8 21. Bf4  Qc5 22. Rg5 Rad8 23. Qg3 Nbd7 24. Nf3 a5 25. Be5 b4 26. Nxd5 Ne4 27. Qf4 Nxe5  28. Nxe5 Bxd5 29. Bxd5 Nxg5 30. hxg5 Bxe5 31. Qxe5+ Rg7 32. axb4 axb4 33. g6 b3  34. c4 Ra8 35. Kb1 Qa5 36. Kc1 e6 37. gxf7 Rd8 38. fxe6 Qa1+ 39. Kd2 Qa5+ 40.  Ke2 1-0

[Event "USA-ch GpA"]
[Site "San Diego"]
[Date "2006.03.08"]
[Round "6"]
[White "Epstein, Esther"]
[Black "Tate, Emory"]
[Result "0-1"]
[WhiteElo "2178"]
[BlackElo "2391"]

1. e4 c5 2. c3 g6 3. d4 cxd4 4. cxd4 d5 5. e5 Nc6 6. Nc3 a6 7. Be2 h5 8. Bg5  Bh6 9. h4 Bf5 10. Bf3 Qa5 11. Nge2 e6 12. Ng3 Bxg5 13. Nxf5 Be7 14. Ne3 Qb4 15.  Nc2 Qxb2 16. Ne2 Qb6 17. g3 Qa5+ 18. Kf1 Nh6 19. Ne3 Rc8 20. Kg2 b5 21. Qd3 Qa3  22. Qb1 Na5 23. Rd1 Qa4 24. Nf4 Qb4 25. Qd3 Qa3 26. Qe2 Nc4 27. Nexd5 exd5 28.  e6 Qd6 29. exf7+ Kxf7 30. Bxd5+ Kg7 31. Be4 Rhf8 32. Nxg6 Rf6 33. Nf4 Rxf4 34.  gxf4 Qxf4 35. Qf3 Qxh4 36. Rh1 Qg5+ 37. Qg3 Ng4 38. Bf3 Bd6 39. Rxh5 Qxh5 40.  Qxg4+ Qxg4+ 41. Bxg4 Rd8 42. Be6 Kf6 43. d5 a5 44. Kf3 b4 45. Rc1 Na3 46. Ke4  Rh8 47. Bd7 Rh4+ 48. Kd3 Ke5 49. Bc6 Rh3+ 50. Ke2 Kd4 51. Rd1+ Kc3 52. Ba4 Kb2  53. Rd2+ Ka1 54. Bb3 Nb1 55. Rd1 Kb2 0-1

[Event "USA-ch GpA"]
[Site "San Diego"]
[Date "2006.03.10"]
[Round "8"]
[White "Ross, Laura R"]
[Black "Tate, Emory"]
[Result "0-1"]
[WhiteElo "2141"]
[BlackElo "2391"]

1. e4 Nc6 2. Nf3 d6 3. d4 Bg4 4. d5 Nb8 5. Be3 Nf6 6. Nbd2 c6 7. c4 g6 8. Qb3  Qc7 9. Bd4 Nbd7 10. Ng1 e5 11. Bc3 Nc5 12. Qc2 cxd5 13. cxd5 Bd7 14. Rc1 Bh6  15. f3 Rc8 16. g3 O-O 17. Nh3 b5 18. Nf2 Qb6 19. a3 a5 20. Be2 b4 21. Nc4 Qb8  22. axb4 axb4 23. Bd2 Bxd2+ 24. Qxd2 Nb3 25. Qd1 Nxc1 26. Qxc1 Bb5 27. b3 Bxc4  28. Bxc4 Nd7 29. Ng4 Qa7 30. Ne3 Nc5 31. Qb1 Ra8 32. O-O Rfc8 33. Kh1 Qa2 34.  Qe1 Qb2 35. Nd1 Qd4 36. Qxb4 Ra1 37. Qe1 Nd3 0-1

[Event "USA-ch GpA"]
[Site "San Diego"]
[Date "2006.03.11"]
[Round "9"]
[White "Stein, Alan R"]
[Black "Tate, Emory"]
[Result "1-0"]
[WhiteElo "2415"]
[BlackElo "2391"]

1. e4 c5 2. Nf3 d6 3. Bb5+ Nd7 4. d4 Ngf6 5. Nc3 cxd4 6. Qxd4 e5 7. Qd3 h6 8.  a4 Be7 9. Be3 O-O 10. O-O a6 11. Bc4 b6 12. Nh4 Re8 13. Rfd1 Nf8 14. Nf5 Bxf5  15. exf5 a5 16. Nd5 Rb8 17. Qb3 Kh8 18. Bb5 N6d7 19. Nxe7 Qxe7 20. Qd3 Red8 21.  Qxd6 Qh4 22. h3 Qe4 23. Qd3 Qxd3 24. Rxd3 Nc5 25. Rxd8 Rxd8 26. b4 axb4 27.  Bxc5 bxc5 28. a5 Ra8 29. a6 Ra7 30. Rd1 g5 31. Rd8 Kg7 32. f6+ Kxf6 33. Rxf8  Ke7 34. Rb8 Kd6 35. Rb6+ Kd5 36. Rb7 Ra8 37. Rxf7 c4 38. Rc7 b3 39. cxb3 1-0

[Event "Chicago op"]
[Site "Chicago"]
[Date "2006.05.27"]
[Round "4"]
[White "Bidwell, John"]
[Black "Tate, Emory"]
[Result "0-1"]
[WhiteElo "2281"]
[BlackElo "2384"]

1. e4 c5 2. Nc3 g6 3. Nf3 Bg7 4. d4 cxd4 5. Nxd4 Nc6 6. Be3 Nf6 7. Bc4 Na5 8.  Be2 d6 9. O-O Bd7 10. f4 Qc8 11. Kh1 O-O 12. Qd3 Re8 13. f5 Nc6 14. Nxc6 Bxc6  15. Bd4 e5 16. fxe6 Qxe6 17. Bf3 a6 18. Rae1 Rad8 19. Re2 Nd7 20. Bxg7 Kxg7 21.  Nd5 Bxd5 22. exd5 Qf6 23. c3 Ne5 24. Qd4 Rd7 25. Ref2 Qg5 26. Bd1 f5 27. Ba4 b5  28. Bc2 Kg8 29. h3 Nc4 30. Bd3 Ne3 31. Ra1 Re5 32. Bc2 Rde7 33. Qd2 f4 34. Bb3  Re4 35. a4 Nf5 36. axb5 axb5 37. Kg1 Ng3 38. Kh2 R7e5 39. Rg1 Kg7 40. Qd1 Ne2  41. Rgf1 Qg3+ 42. Kh1 Qe3 43. Rf3 Ng3+ 44. Kh2 Nxf1+ 45. Qxf1 Qd2 46. Rf2 Re1  0-1

[Event "US op 107th"]
[Site "Chicago"]
[Date "2006.08.10"]
[Round "6"]
[White "Lopez, Nelson"]
[Black "Tate, Emory"]
[Result "0-1"]
[WhiteElo "2144"]
[BlackElo "2380"]

1. e4 c5 2. Nf3 e6 3. Nc3 Nc6 4. Bb5 Na5 5. Be2 a6 6. a4 d6 7. d4 cxd4 8. Nxd4  Nf6 9. O-O Bd7 10. b4 Rc8 11. Bb2 Nc4 12. Bxc4 Rxc4 13. Qd3 Qc7 14. b5 Be7 15.  Rfd1 e5 16. Nb3 O-O 17. b6 Qc8 18. Rd2 Be6 19. h3 Nh5 20. Ne2 Bg5 21. g4 Bxd2  22. Nxd2 Rxc2 23. Ba3 Nf6 24. f4 exf4 25. Bxd6 Rd8 26. e5 Qc5+ 27. Nd4 Qxb6 28.  N2f3 Rdc8 29. a5 Rc1+ 30. Rxc1 Rxc1+ 31. Kg2 Qb2+ 32. Qe2 Qxe2+ 33. Nxe2 Rd1  34. Nxf4 Ne8 35. Nxe6 Nxd6 36. exd6 0-1

[Event "US op 107th"]
[Site "Chicago"]
[Date "2006.08.12"]
[Round "8"]
[White "Szpisjak, Steven"]
[Black "Tate, Emory"]
[Result "1/2-1/2"]
[WhiteElo "2227"]
[BlackElo "2380"]

1. e4 g6 2. d4 c6 3. Nc3 d5 4. Nf3 Bg7 5. h3 Nf6 6. Bd3 dxe4 7. Nxe4 Nbd7 8.  O-O Nxe4 9. Bxe4 O-O 10. c3 c5 11. Bg5 cxd4 12. Nxd4 h6 13. Bh4 Qb6 14. Nb3 g5  15. Bg3 f5 16. Bf3 f4 17. Bh2 Ne5 18. Be4 Bf5 19. Bxf5 Rxf5 20. Nd4 Rf7 21. Qe2  Raf8 22. Rae1 a6 23. Kh1 f3 24. Nxf3 Nxf3 25. gxf3 e5 26. Kg2 Qe6 27. Qe4 Rxf3  28. Qg4 R3f5 29. c4 Qf7 30. Re2 h5 31. Qe4 b5 32. cxb5 axb5 33. b3 Qe6 34. f3  Qf6 35. Bg3 Kh8 36. Rc2 Qd6 37. Re2 Qd4 38. Rff2 Qd6 39. Rd2 Qg6 40. Rde2 Kh7  41. Re1 R8f7 42. Rff1 Rd7 43. Rd1 Rd4 44. Rxd4 exd4 45. Rd1 Rc5 46. Qxg6+ Kxg6  47. Bf2 Rc2 48. Kg1 Rxa2 49. Bxd4 Ra3 50. Bxg7 Kxg7 51. Rd5 Rxb3 52. Rxg5+ Kh6  53. h4 Rb2 54. f4 b4 55. Rb5 Kg6 56. f5+ Kf6 57. Kh1 b3 1/2-1/2

[Event "Calvia op 3rd"]
[Site "Calvia"]
[Date "2006.10.21"]
[Round "2"]
[White "Hamdouchi, Hichem"]
[Black "Tate, Emory"]
[Result "1-0"]
[WhiteElo "2582"]
[BlackElo "2413"]

1. e4 c5 2. Nf3 e6 3. d4 cxd4 4. Nxd4 Nf6 5. Nc3 Bb4 6. e5 Nd5 7. Bd2 Nxc3 8.  bxc3 Be7 9. Qg4 g6 10. Bd3 d6 11. Bh6 dxe5 12. Bg7 Bf6 13. Bb5+ Bd7 14. Bxd7+  Nxd7 15. Bxh8 Bxh8 16. Nb5 Nc5 17. Rd1 Qe7 18. Qh3 Kf8 19. O-O Kg8 20. Qe3 b6  21. Rd2 Bf6 22. Qe2 Bg5 23. Rdd1 e4 24. Nd4 Rf8 25. Qc4 Qb7 26. Nb3 e3 27. Nxc5  exf2+ 28. Kh1 Qc6 29. Qd4 Qxc5 30. Qxc5 bxc5 31. Rxf2 Rb8 32. g3 Rb7 33. Rd6  Be7 34. Rc6 h5 35. Kg2 Kg7 36. a4 Rd7 37. a5 e5 38. Re2 f6 39. Kf2 Kf7 40. Ke1  Bd6 41. Rd2 Ke6 42. c4 f5 43. Rd5 Ke7 44. Kf2 e4 45. Ke2 h4 46. gxh4 f4 47. h5  f3+ 48. Kf2 gxh5 49. Rxh5 Bf4 50. Rh7+ Kd8 51. Rxd7+ Kxd7 52. Rxc5 Bxh2 53. Rh5  Bc7 54. Ke3 Kc6 55. Rf5 Bg3 56. Kxe4 f2 57. Kd3 Kd6 58. Ke2 Kc6 59. Kf1 Kb7 60.  Rf6 Be5 61. a6+ Kc7 62. Rxf2 Kb6 63. Rf5 Bc3 64. Rb5+ Kxa6 65. Ke2 Bd2 66. Kd3  1-0

[Event "Calvia op 3rd"]
[Site "Calvia"]
[Date "2006.10.23"]
[Round "4"]
[White "Tattersall, Lester William"]
[Black "Tate, Emory"]
[Result "0-1"]
[WhiteElo "2254"]
[BlackElo "2413"]

1. e4 c6 2. d3 Nf6 3. Nf3 d6 4. g3 h6 5. Bg2 Bg4 6. h3 Be6 7. O-O Qc8 8. Kh2 g5  9. Nc3 g4 10. hxg4 c5 11. d4 Nbd7 12. Kg1 Bxg4 13. e5 dxe5 14. dxe5 Nxe5 15.  Re1 Ng6 16. Nb5 Be6 17. Qd3 c4 18. Qe3 a6 19. Nbd4 Bd5 20. Ne5 Bxg2 21. Kxg2  Ng4 22. Nxg4 Qxg4 23. f3 Nh4+ 24. Kf2 Qh3 25. gxh4 Qh2+ 26. Kf1 Rg8 27. Qf2  Qh3+ 28. Ke2 Rg2 29. Be3 Rxf2+ 30. Bxf2 e5 31. Rh1 Qd7 32. Rad1 exd4 33. Rxd4  Qa4 34. Re4+ Be7 35. Re1 Kf8 36. Be3 Qxc2+ 37. Kf1 Bb4 38. Bxh6+ Kg8 39. R1e2  Qd1+ 40. Kg2 Kh7 41. Bg5 Rg8 42. a3 f6 43. axb4 fxg5 44. h5 g4 45. f4 Qb3 46.  R4e3 Qxb4 47. Kg3 Rg7 48. Re6 Qb3+ 49. R6e3 Qd1 50. Re1 Qd4 51. R1e2 Qd5 52.  Rf2 Qh1 0-1

[Event "Calvia op 3rd"]
[Site "Calvia"]
[Date "2006.10.25"]
[Round "6"]
[White "Ruiz Vinals, Matias"]
[Black "Tate, Emory"]
[Result "0-1"]
[WhiteElo "2030"]
[BlackElo "2413"]

1. d4 c5 2. d5 e5 3. e4 d6 4. Nc3 Nd7 5. f4 Ne7 6. Nf3 exf4 7. Bxf4 Ng6 8. Bg3  a6 9. a4 Be7 10. Be2 h5 11. Qd2 h4 12. Bf4 Nxf4 13. Qxf4 g5 14. Qe3 g4 15. Nd2  Bg5 16. Qf2 Bxd2+ 17. Kxd2 Ne5 18. Rhf1 Rh6 19. Nd1 Bd7 20. Ne3 Qb6 21. Kc1  O-O-O 22. Ra3 Re8 23. Nc4 Nxc4 24. Bxc4 Re7 25. Qd2 Rh5 26. Bd3 Rhe5 27. Rf6  Kb8 28. Rb3 Qc7 29. a5 c4 30. Rc3 Qxa5 31. Kb1 Bb5 32. Rxd6 f5 33. Rf6 fxe4 34.  Be2 Qd8 35. d6 R7e6 36. Rxe6 Rxe6 37. d7 Qxd7 38. Qxd7 Bxd7 39. Bxg4 Re7 40.  Bxd7 Rxd7 41. Kc1 b5 42. Rh3 Rf7 43. Kd1 Rf1+ 44. Ke2 Rb1 45. b3 cxb3 46. cxb3  Rb2+ 47. Kd1 Kc7 48. Rxh4 e3 49. g4 Rxb3 50. g5 Rb1+ 51. Ke2 Rg1 52. Rh7+ Kb6  53. h4 b4 54. Rh6+ Kb5 55. Rh8 a5 56. Kxe3 a4 57. Kf2 Rg4 58. Kf3 Rg1 59. Rb8+  Kc4 60. Rc8+ Kd5 61. Rd8+ Ke6 62. Kf2 Rg4 63. Ra8 a3 64. Ke2 Rxh4 65. Kd3 Rh2  66. Ra4 Rb2 0-1

[Event "Minneapolis HB Global op"]
[Site "Minneapolis"]
[Date "2005.05.19"]
[Round "2"]
[White "Ibragimov, Ildar"]
[Black "Tate, Emory"]
[Result "1-0"]
[WhiteElo "2611"]
[BlackElo "2335"]

1. d4 g6 2. e4 Bg7 3. Nc3 d6 4. Be3 Nd7 5. Nf3 c5 6. Qd2 cxd4 7. Nxd4 a6 8. f3  Ngf6 9. Bh6 Bxh6 10. Qxh6 b5 11. O-O-O Bb7 12. Bd3 Rc8 13. Nce2 Qb6 14. g4 d5  15. exd5 Bxd5 16. Rhe1 Qb7 17. Nf4 Bc4 18. g5 Nd5 19. Nxg6 Bxd3 20. Nxe7 Nxe7  21. Rxd3 Qc7 22. Rxe7+ Kxe7 23. Nf5+ Ke8 24. Ng7+ Ke7 25. Nf5+ Ke8 26. Nd6+ Kd8  27. Rc3 Nc5 28. Rxc5 Qe7 29. Rxc8+ Kd7 30. Qh3+ Kxd6 31. Qg3+ 1-0

[Event "Vlaardingen op act"]
[Site "Vlaardingen"]
[Date "2005.09.??"]
[Round "4"]
[White "De Vreugt, Dennis"]
[Black "Tate, Emory"]
[Result "1-0"]
[WhiteElo "2448"]
[BlackElo "2335"]

1. e4 c5 2. Nc3 g6 3. g3 Bg7 4. Bg2 Qa5 5. Nge2 b5 6. O-O Nc6 7. d3 e6 8. a4  Ba6 9. Bh6 Nxh6 10. axb5 Qb4 11. bxc6 Bc8 12. e5 O-O 13. Qd2 Nf5 14. f4 dxc6  15. Bxc6 Rb8 16. Ra2 c4 17. d4 Rd8 18. Be4 Bf8 19. Bxf5 gxf5 20. Qe3 Qb6 21. h3  Bb7 22. Kh2 Rd7 23. Rg1 h5 24. g4 hxg4 25. hxg4 f6 26. gxf5+ Kh8 27. Rg3 Qc6  28. d5 Rxd5 29. Nxd5 Qxd5 30. Ra1 Bh6 31. Rag1 exf5 32. Rh3 1-0

[Event "Vlaardingen op act"]
[Site "Vlaardingen"]
[Date "2005.09.??"]
[Round "8"]
[White "Visser, Yge"]
[Black "Tate, Emory"]
[Result "1-0"]
[WhiteElo "2480"]
[BlackElo "2335"]

1. e4 c5 2. d3 Nc6 3. g3 g6 4. Bg2 Bg7 5. f4 Nh6 6. Nf3 f5 7. O-O O-O 8. c3 e6  9. e5 d6 10. d4 cxd4 11. cxd4 Qb6 12. Kh1 Rd8 13. Qe2 d5 14. Be3 Qa6 15. Qxa6  bxa6 16. Rc1 Bd7 17. Bf1 Rab8 18. Nc3 Na5 19. b3 Rb6 20. Bd2 Nb7 21. Na4 Bxa4  22. bxa4 a5 23. Rab1 Rb8 24. Rxb6 axb6 25. Rb1 Rc8 26. Ba6 Rc7 27. Rxb6 Nd8 28.  Rb8 Nhf7 29. Bxa5 1-0

[Event "Hoogeveen Essent op"]
[Site "Hoogeveen"]
[Date "2005.10.22"]
[Round "2"]
[White "Kleijn, Christov"]
[Black "Tate, Emory"]
[Result "1/2-1/2"]
[WhiteElo "2059"]
[BlackElo "2371"]

1. e4 c5 2. Nf3 e6 3. c3 b6 4. d4 Bb7 5. Bd3 d5 6. e5 Ne7 7. O-O Nec6 8. Bg5  Qc8 9. Nbd2 h6 10. Be3 cxd4 11. cxd4 Ba6 12. Ne1 Bxd3 13. Nxd3 Qa6 14. Nb3 g6  15. Qd2 h5 16. Rfc1 Qa4 17. Qc3 Bg7 18. Nd2 O-O 19. b3 Qa3 20. Nf3 Rc8 21. h3  Na6 22. Bg5 Rc7 23. Qd2 Rac8 24. Bf6 Qf8 25. g4 hxg4 26. hxg4 Ncb4 27. Rxc7  Rxc7 28. Bxg7 Kxg7 29. Nf4 Rc2 30. Qe3 Qc8 31. a3 Qc3 32. Nh5+ gxh5 1/2-1/2

[Event "Hoogeveen Essent op"]
[Site "Hoogeveen"]
[Date "2005.10.24"]
[Round "4"]
[White "Nijboer, Friso"]
[Black "Tate, Emory"]
[Result "1-0"]
[WhiteElo "2545"]
[BlackElo "2371"]

1. e4 c5 2. Nf3 d6 3. d4 cxd4 4. Nxd4 Nf6 5. Nc3 Bd7 6. f3 e5 7. Nb3 Bc6 8. Be3  Be7 9. Qd2 O-O 10. O-O-O Nbd7 11. g4 Ne8 12. h4 Kh8 13. Kb1 Nc7 14. Nd5 Bxd5  15. exd5 b6 16. g5 f5 17. f4 exf4 18. Bxf4 Nc5 19. Bg2 Nxb3 20. cxb3 a5 21. Rc1  Na6 22. h5 Kg8 23. g6 h6 24. Bxh6 Nc5 25. Bf4 a4 26. b4 Nb3 27. Qe3 Nxc1 28.  Qe6+ Kh8 29. h6 Rf6 30. hxg7+ Kxg7 31. Bh6+ Kxg6 32. Qe3 Kf7 33. Bf3 Ke8 34.  Bg7 f4 35. Bh5+ Kd7 36. Qxc1 Qc7 37. Bg4+ Kd8 38. Rh8+ Rf8 39. Bxf8 Qxc1+ 40.  Kxc1 Kc7 1-0

[Event "Hoogeveen Essent op"]
[Site "Hoogeveen"]
[Date "2005.10.26"]
[Round "6"]
[White "Rozentalis, Eduardas"]
[Black "Tate, Emory"]
[Result "1-0"]
[WhiteElo "2585"]
[BlackElo "2371"]

1. e4 c5 2. Nf3 e6 3. b3 b6 4. Bb2 Bb7 5. d3 d6 6. g3 Nf6 7. Bg2 Nc6 8. O-O e5  9. Nbd2 g6 10. c3 Ba6 11. Re1 Bg7 12. d4 Nd7 13. d5 Ne7 14. b4 O-O 15. a4 cxb4  16. cxb4 Bh6 17. b5 Bb7 18. Ba3 Nc8 19. Qb3 a5 20. bxa6 Bxa6 21. Bf1 Bxf1 22.  Rxf1 f5 23. exf5 gxf5 24. Nc4 Qf6 25. Qb5 Ra7 26. Bb2 Rc7 27. a5 bxa5 28. Rxa5  Nc5 29. Ncxe5 Rb7 30. Qe2 Qe7 31. Ba3 Nd7 32. Re1 Re8 33. Qc2 Qg7 34. Nc6 Rxe1+  35. Nxe1 Qa1 36. Bb4 Qc1 37. Qxf5 Nf8 38. Qc2 Qg5 39. Qe4 Ne7 40. Bxd6 Nxc6 41.  dxc6 Qxa5 1-0

[Event "Hoogeveen Essent op"]
[Site "Hoogeveen"]
[Date "2005.10.28"]
[Round "8"]
[White "L'Ami, Erwin"]
[Black "Tate, Emory"]
[Result "1-0"]
[WhiteElo "2541"]
[BlackElo "2371"]

1. e4 g6 2. d4 c6 3. Nc3 d5 4. e5 h5 5. f4 Nh6 6. Bd3 Qb6 7. Nce2 Bf5 8. Nf3 e6  9. O-O c5 10. c3 Nc6 11. Kh1 Bxd3 12. Qxd3 c4 13. Qb1 Qa6 14. Be3 Nf5 15. Bf2  h4 16. h3 Be7 17. Neg1 Kf8 18. Nh2 b5 19. Ngf3 b4 20. Ng4 bxc3 21. bxc3 Kg7 22.  Qe1 Qa3 23. Rb1 Qxa2 24. Nf6 Qc2 25. Bxh4 Nxh4 26. Nxh4 Bxf6 27. exf6+ Kxf6 28.  Rc1 Qe4 29. Qf2 Rab8 30. Rfe1 Qd3 31. Red1 Qe4 32. Re1 Qd3 33. Red1 Qe4 34. Rc2  Kg7 35. Re2 Qxe2 36. Qxe2 Rxh4 37. Rf1 Rb3 38. Rf3 a5 39. g4 Rb1+ 40. Kh2 a4  41. f5 gxf5 42. gxf5 a3 43. Qg2+ Kf8 44. Rf2 Re1 45. f6 Re3 46. Qg7+ Ke8 47.  Qg8+ Kd7 48. Qxf7+ Kc8 49. Qg8+ Nd8 50. Qg2 Rxc3 51. f7 Rcxh3+ 52. Qxh3 Rxh3+  53. Kxh3 Nxf7 54. Rxf7 e5 55. dxe5 c3 56. Kg3 a2 57. Rf1 Kd7 58. Kf3 Ke6 59.  Ke3 Kxe5 60. Kd3 d4 61. Ra1 c2 62. Kxc2 1-0

[Event "Zwolle Windesheim op-A"]
[Site "Zwolle"]
[Date "2004.03.20"]
[Round "3"]
[White "Jonkman, Harmen"]
[Black "Tate, Emory"]
[Result "1-0"]
[WhiteElo "2421"]
[BlackElo "2351"]

1. e4 c5 2. c3 g6 3. d4 cxd4 4. cxd4 d5 5. exd5 Bg7 6. Nc3 Nf6 7. Qb3 O-O 8.  Nge2 Re8 9. g3 b6 10. Bg2 Ba6 11. O-O Nbd7 12. a4 h6 13. Nb5 Nf8 14. Bf4 Rc8  15. Nec3 Qd7 16. Be5 N8h7 17. h3 Nh5 18. g4 Bxe5 19. dxe5 Nf4 20. Rad1 Ng5 21.  Kh2 Rc5 22. Qb4 Nxg2 23. Kxg2 Bb7 24. f3 a6 25. e6 fxe6 26. dxe6 Qxe6 27. Nd4  Qf6 28. Nb3 Kh7 29. h4 Nf7 30. Ne4 Qg7 1-0